[Event "Tradewise Hastings Masters 15-16"]
[Site "Hastings, England"]
[Date "2016.01.03"]
[Round "7.27"]
[White "Pickersgill, Adrian O"]
[Black "Norton, Craig"]
[Result "0-1"]
[WhiteElo "1986"]
[BlackElo "2146"]
[PlyCount "96"]
[EventDate "2016.??.??"]

1. e4 c5 2. Nc3 Nc6 3. f4 g6 4. Nf3 Bg7 5. Bb5 Nd4 6. O-O Nxb5 7. Nxb5 d5 8.
exd5 a6 9. Nc3 Nf6 10. d4 c4 11. Qe2 Nxd5 12. Qxc4 Be6 13. Qe2 Rc8 14. Ne5 Nxc3
15. bxc3 Rxc3 16. Bb2 Rc8 17. c4 f6 18. d5 fxe5 19. dxe6 Qb6+ 20. Kh1 O-O 21.
Bxe5 Qxe6 22. Rfe1 Bxe5 23. Qxe5 Qxe5 24. Rxe5 Rxf4 25. Rxe7 Rfxc4 26. h3 Rc1+
27. Rxc1 Rxc1+ 28. Kh2 b6 29. Rb7 Rb1 30. Ra7 a5 31. a4 Rb4 32. Rb7 h5 33. Kg3
Kf8 34. Kf3 g5 35. g4 h4 36. Kf2 Rb3 37. Kg2 Rg3+ 38. Kh2 Rb3 39. Kg2 Rb4 40.
Kf2 Ke8 41. Kg2 Kd8 42. Rg7 Rxa4 43. Rxg5 Ra2+ 44. Kg1 Ra3 45. Kg2 a4 46. Rg7
Rb3 47. Rh7 a3 48. Rxh4 Rb5 0-1

[Event "Tradewise Hastings Masters 15-16"]
[Site "Hastings, England"]
[Date "2016.01.03"]
[Round "7.28"]
[White "Sikkel, Dirk"]
[Black "Goater, Kevin P"]
[Result "1/2-1/2"]
[WhiteElo "1991"]
[BlackElo "2141"]
[PlyCount "42"]
[EventDate "2016.??.??"]

1. e4 b6 2. d4 Bb7 3. Nc3 e6 4. f3 Ne7 5. Be3 d5 6. Bd3 a6 7. Nge2 Nd7 8. exd5
Nxd5 9. Nxd5 exd5 10. O-O Bd6 11. Qd2 O-O 12. c3 Re8 13. Bg5 Be7 14. Bf4 Nf8
15. Bg3 g6 16. f4 f5 17. Kh1 Nd7 18. Ng1 Nf6 19. Nf3 Ne4 20. Bxe4 dxe4 21. Ne5
Bc8 1/2-1/2

[Event "Tradewise Hastings Masters 15-16"]
[Site "Hastings, England"]
[Date "2016.01.03"]
[Round "7.29"]
[White "Rayner, Francis"]
[Black "Rice, Chris B"]
[Result "1/2-1/2"]
[WhiteElo "2106"]
[BlackElo "1956"]
[PlyCount "137"]
[EventDate "2016.??.??"]

1. e4 e6 2. d4 d5 3. Nc3 Nf6 4. Bg5 Be7 5. e5 Nfd7 6. Bxe7 Qxe7 7. f4 a6 8. Nf3
Nb6 9. Qd2 Bd7 10. b3 c5 11. Bd3 Nc6 12. Ne2 Nxd4 13. Nexd4 cxd4 14. Qa5 Nc8
15. O-O b6 16. Qd2 Qc5 17. Qf2 Ne7 18. a3 h6 19. b4 Qc3 20. Nxd4 O-O 21. Ne2
Qc7 22. Rac1 b5 23. c3 f6 24. exf6 Rxf6 25. Qe3 Raf8 26. g3 Nc8 27. Nd4 Nb6 28.
Nf3 Nc4 29. Bxc4 Qxc4 30. Ne5 Qc7 31. Rfe1 Rc8 32. Nd3 Qd6 33. Nc5 Rc7 34. Rcd1
Qb6 35. Qd4 Bc8 36. Re5 Rc6 37. Rde1 Kh8 38. h4 Qc7 39. Kg2 Qf7 40. h5 Kg8 41.
Rf1 Rf5 42. g4 Rxe5 43. fxe5 Qe7 44. Qf4 Rc7 45. Rf2 a5 46. Kg3 Ra7 47. Rf3
axb4 48. cxb4 Rc7 49. Qd4 Bd7 50. Kh3 Qg5 51. Qf4 Qe7 52. Rg3 Ra7 53. Qd4 Rc7
54. Qd3 Be8 55. Rf3 Rc8 56. Rf4 Rc7 57. Qf3 Bf7 58. Qe3 Be8 59. Rf3 Rc8 60. Rg3
Ra8 61. Qd4 Bf7 62. Qf4 Ra7 63. Rf3 Ra8 64. Kg3 Ra7 65. Qd4 Rc7 66. Qd3 Be8 67.
Qd4 Bf7 68. Qf4 Ra7 69. Qd4 1/2-1/2

[Event "Tradewise Hastings Masters 15-16"]
[Site "Hastings, England"]
[Date "2016.01.03"]
[Round "7.30"]
[White "Cafferty, Bernard"]
[Black "Spanton, Tim R"]
[Result "1/2-1/2"]
[WhiteElo "2096"]
[BlackElo "1936"]
[PlyCount "41"]
[EventDate "2016.??.??"]

1. c4 c5 2. Nc3 Nc6 3. Nf3 Nf6 4. g3 g6 5. Bg2 Bg7 6. O-O O-O 7. d4 cxd4 8.
Nxd4 Nxd4 9. Qxd4 d6 10. Qd3 Nd7 11. b3 Nc5 12. Qd2 Qa5 13. Bb2 Be6 14. Rfd1
Rfe8 15. Nd5 Qxd2 16. Rxd2 Bxd5 17. Bxd5 a5 18. Rad1 Bxb2 19. Rxb2 Rab8 20. f4
Rec8 21. Bf3 1/2-1/2

[Event "Tradewise Hastings Masters 15-16"]
[Site "Hastings, England"]
[Date "2016.01.03"]
[Round "7.31"]
[White "Lochte, Thomas"]
[Black "Brewer, Callum D"]
[Result "0-1"]
[WhiteElo "2082"]
[BlackElo "1945"]
[PlyCount "68"]
[EventDate "2016.??.??"]

1. e4 c6 2. d4 d5 3. e5 Bf5 4. Nc3 e6 5. g4 Bg6 6. Nge2 c5 7. Be3 Nc6 8. dxc5
Rc8 9. Nd4 h5 10. Nxc6 bxc6 11. Bd3 d4 12. Bxg6 dxe3 13. Qxd8+ Rxd8 14. Be4
exf2+ 15. Ke2 Ne7 16. g5 g6 17. Rad1 Bg7 18. Rxd8+ Kxd8 19. Rf1 Bxe5 20. Rxf2
Nf5 21. Na4 h4 22. c3 Rh5 23. Bxc6 Rxg5 24. Be4 Nh6 25. b4 f5 26. Bf3 Ng4 27.
Bxg4 Rxg4 28. Kd3 g5 29. Re2 Re4 30. Rxe4 fxe4+ 31. Kxe4 g4 32. b5 Bxh2 33. b6
axb6 34. cxb6 g3 0-1

[Event "Tradewise Hastings Masters 15-16"]
[Site "Hastings, England"]
[Date "2016.01.03"]
[Round "7.32"]
[White "Young, Mel J"]
[Black "Gaudeau, Valentin"]
[Result "0-1"]
[WhiteElo "1901"]
[BlackElo "2080"]
[PlyCount "88"]
[EventDate "2016.??.??"]

1. e4 c5 2. d4 cxd4 3. c3 Nf6 4. e5 Nd5 5. Nf3 Nc6 6. Bc4 e6 7. Bxd5 exd5 8.
O-O d6 9. cxd4 Be7 10. Nc3 Be6 11. exd6 Qxd6 12. Nb5 Qd7 13. Be3 O-O 14. Nc3 f6
15. a3 Rac8 16. h3 Rfd8 17. Rc1 Na5 18. Nd2 b5 19. Qe2 a6 20. Rfe1 Bf7 21. Bf4
Bf8 22. Qf3 Nc4 23. Nxc4 dxc4 24. Rcd1 a5 25. Qg3 Kh8 26. Ne4 Qd5 27. Nc3 Qb7
28. Qf3 Qxf3 29. gxf3 b4 30. axb4 axb4 31. Nb5 Rd7 32. Kg2 Kg8 33. Rd2 Bd5 34.
Rc2 g5 35. Bg3 h5 36. Nc7 Rcxc7 37. Bxc7 Rxc7 38. Re8 Rd7 39. Rce2 Kf7 40. Rc8
g4 41. hxg4 hxg4 42. Ree8 Bxf3+ 43. Kg1 Be7 44. Rh8 Rxd4 0-1

[Event "Tradewise Hastings Masters 15-16"]
[Site "Hastings, England"]
[Date "2016.01.03"]
[Round "7.33"]
[White "Borland, Scott"]
[Black "Ramstad, Havard"]
[Result "0-1"]
[WhiteElo "1651"]
[BlackElo "2026"]
[PlyCount "78"]
[EventDate "2016.??.??"]

1. e4 c5 2. Nf3 e6 3. Nc3 a6 4. d4 cxd4 5. Nxd4 Qc7 6. g3 b5 7. Bg2 Bb7 8. O-O
d6 9. a3 Nf6 10. f4 Nbd7 11. Kh1 Rc8 12. Qe2 Be7 13. Be3 O-O 14. g4 Nc5 15. Bg1
d5 16. exd5 Nxd5 17. Nxd5 Bxd5 18. Bxd5 exd5 19. Nf5 Bf6 20. Bxc5 Qxc5 21. c3
Rfe8 22. Qd2 Qc6 23. Nd4 Bxd4 24. Qxd4 Re4 25. Qd3 d4 26. Qf3 dxc3 27. bxc3
Rxf4 28. Qxc6 Rxf1+ 29. Rxf1 Rxc6 30. Rc1 g5 31. Kg2 Rc4 32. h3 h6 33. Kf2 Kg7
34. Ke3 Kg6 35. Kd3 f5 36. gxf5+ Kxf5 37. Ke3 h5 38. Rf1+ Ke5 39. Rc1 Rh4 0-1

[Event "Tradewise Hastings Masters 15-16"]
[Site "Hastings, England"]
[Date "2016.01.03"]
[Round "7.34"]
[White "Evans, Helen I"]
[Black "Waddington, Mike P"]
[Result "0-1"]
[WhiteElo "1577"]
[BlackElo "2066"]
[PlyCount "84"]
[EventDate "2016.??.??"]

1. e4 c5 2. Nc3 Nc6 3. f4 a6 4. Nf3 b5 5. d3 e6 6. g3 b4 7. Nb1 d5 8. Nbd2 Bb7
9. Bg2 Nf6 10. e5 Nd7 11. O-O Be7 12. Qe1 Qb6 13. Kh1 g6 14. Nb3 a5 15. Be3 a4
16. Nbd2 a3 17. b3 Ba6 18. Rc1 Rc8 19. Bf2 h5 20. h3 Qb8 21. Bg1 Na5 22. Qd1
Bb7 23. Qe1 Qa8 24. Qe2 Qa6 25. Qe1 c4 26. dxc4 dxc4 27. Ne4 cxb3 28. axb3 Bd5
29. Nf6+ Nxf6 30. exf6 Bxf6 31. Qxb4 Nc6 32. Qd2 Bb2 33. Rb1 Qa5 34. Qd1 Qc3
35. Bf2 a2 36. Rxb2 Qxb2 37. Re1 Qc3 38. Nd4 Bxg2+ 39. Kxg2 Rd8 40. Nb5 Rxd1
41. Nxc3 Rxe1 42. Nxa2 Re2 0-1

[Event "Tradewise Hastings Masters 15-16"]
[Site "Hastings, England"]
[Date "2016.01.03"]
[Round "7.35"]
[White "Brown, Thomas"]
[Black "Gibbs, Daniel C"]
[Result "1-0"]
[WhiteElo "2066"]
[BlackElo "1796"]
[PlyCount "68"]
[EventDate "2016.??.??"]

1. d4 d5 2. c4 c5 3. cxd5 Nf6 4. Nf3 cxd4 5. Qxd4 Qxd5 6. Nc3 Qxd4 7. Nxd4 a6
8. g3 e5 9. Nc2 Bd7 10. Bg2 Bc6 11. O-O Be7 12. Bg5 Bxg2 13. Kxg2 Nbd7 14. Rfd1
h6 15. Bxf6 Nxf6 16. Ne3 O-O 17. Ned5 Nxd5 18. Rxd5 Rad8 19. Rxe5 Bf6 20. Re3
Bxc3 21. bxc3 Rd2 22. a4 Rfd8 23. Rb1 R8d7 24. Re8+ Kh7 25. Rb8 b5 26. axb5
axb5 27. R8xb5 Rxe2 28. Rb7 Rdd2 29. Rxf7 Rc2 30. Rbb7 Rxc3 31. Rxg7+ Kh8 32.
Rh7+ Kg8 33. Rxh6 Rcc2 34. Rf6 Ra2 1-0

[Event "Tradewise Hastings Masters 15-16"]
[Site "Hastings, England"]
[Date "2016.01.03"]
[Round "7.36"]
[White "Wilson, Matthew R"]
[Black "Oyama, Akito"]
[Result "0-1"]
[WhiteElo "1877"]
[BlackElo "2005"]
[PlyCount "38"]
[EventDate "2016.??.??"]

1. Nf3 f5 2. d3 d6 3. e4 e5 4. exf5 Bxf5 5. d4 e4 6. Ng5 Be7 7. h4 d5 8. c4 c6
9. cxd5 cxd5 10. g4 Bc8 11. f3 exf3 12. Qxf3 Nf6 13. Bb5+ Nc6 14. Qe2 Bxg4 15.
Ne6 Bxe2 16. Nxd8 Bxb5 17. Ne6 Kd7 18. Nxg7 Nxd4 19. Nc3 Bb4 0-1

[Event "Tradewise Hastings Masters 15-16"]
[Site "Hastings, England"]
[Date "2016.01.03"]
[Round "7.37"]
[White "Dennis, Nigel W"]
[Black "Larsen, Andreas"]
[Result "0-1"]
[WhiteElo "1820"]
[BlackElo "1998"]
[PlyCount "86"]
[EventDate "2016.??.??"]

1. e4 g6 2. d4 Bg7 3. c4 c5 4. Nf3 cxd4 5. Nxd4 Nc6 6. Be3 Nf6 7. Nc3 d6 8. Be2
Bd7 9. O-O Rc8 10. f4 a6 11. Nxc6 Bxc6 12. Bf3 Qa5 13. a3 O-O 14. Qd2 Nd7 15.
Nd5 Qd8 16. Rab1 b5 17. cxb5 axb5 18. Bd4 Bxd4+ 19. Qxd4 Bxd5 20. exd5 Rc4 21.
Qd2 Qb6+ 22. Kh1 Nf6 23. Rfe1 Rfc8 24. Rbc1 Rxc1 25. Rxc1 Rxc1+ 26. Qxc1 Qd4
27. g3 Qf2 28. Bg2 Ng4 29. b4 Ne3 30. Qg1 Qd2 31. Bf3 Nc2 32. Qg2 Qe1+ 33. Qg1
Qc3 34. Be2 Nxa3 35. Qf1 Qxb4 36. Kg2 Nc4 37. Kh3 Qc5 38. Qf3 b4 39. Qd3 Ne3
40. Bf3 h5 41. Qb3 Qc8+ 42. Kh4 Nf5+ 43. Kg5 Kg7 0-1

[Event "Tradewise Hastings Masters 15-16"]
[Site "Hastings, England"]
[Date "2016.01.03"]
[Round "7.38"]
[White "Kearsley, Raymond J"]
[Black "Golding, Alex"]
[Result "0-1"]
[WhiteElo "1723"]
[BlackElo "1955"]
[PlyCount "70"]
[EventDate "2016.??.??"]

1. e4 e5 2. Nf3 Nc6 3. c3 Nf6 4. d4 exd4 5. e5 Nd5 6. Qb3 Nb6 7. cxd4 d6 8. Nc3
Be7 9. a4 dxe5 10. d5 Nd4 11. Nxd4 exd4 12. a5 dxc3 13. axb6 cxb6 14. bxc3 O-O
15. Be3 Re8 16. Bb5 Bd7 17. O-O Bc5 18. Bxc5 bxc5 19. Rfd1 a6 20. Bxd7 Qxd7 21.
d6 Rac8 22. h3 h6 23. Rd5 Rc6 24. Rad1 Re6 25. R1d2 b5 26. Qd1 a5 27. Qb3 b4
28. cxb4 axb4 29. Qa4 Kh7 30. Qc2+ g6 31. Rxc5 Rcxd6 32. Rxd6 Re1+ 33. Kh2
Qxd6+ 34. g3 Re2 35. Qc4 Rxf2+ 0-1

[Event "Tradewise Hastings Masters 15-16"]
[Site "Hastings, England"]
[Date "2016.01.03"]
[Round "7.39"]
[White "Ruane, Brendan J"]
[Black "Brooke, John"]
[Result "1/2-1/2"]
[WhiteElo "1794"]
[BlackElo "1770"]
[PlyCount "115"]
[EventDate "2016.??.??"]

1. e4 c5 2. Nc3 e6 3. f4 Nc6 4. Nf3 d6 5. g4 g6 6. Bg2 Bg7 7. d3 Nge7 8. Be3 b5
9. Qd2 b4 10. Nd1 Rb8 11. O-O O-O 12. f5 exf5 13. gxf5 gxf5 14. Bh6 fxe4 15.
Bxg7 Kxg7 16. Qg5+ Ng6 17. dxe4 Qxg5 18. Nxg5 Nce5 19. Ne3 f6 20. Nh3 Be6 21.
Nf5+ Bxf5 22. exf5 Ne7 23. Nf4 Kh8 24. Ne6 Rg8 25. Kh1 d5 26. Rad1 Nc4 27. Rde1
d4 28. Nxc5 Ne3 29. Rf2 Nxg2 30. Rxg2 Nxf5 31. Rf2 Rg5 32. Nd7 Rc8 33. Nxf6 Ne3
34. Ne4 Rg7 35. Nf6 Rgc7 36. Rg1 Rxc2 37. Rf4 Rc1 38. Rxd4 Rxg1+ 39. Kxg1 a5
40. Rd7 Rc1+ 41. Kf2 Rf1+ 42. Kxe3 Rxf6 43. Ra7 Rf5 44. Rd7 Rc5 45. Ra7 Rc2 46.
Rxa5 Rxb2 47. Ra7 Rxh2 48. Kd4 Rc2 49. Ke5 h5 50. Kf5 h4 51. Kg4 Rc4+ 52. Kh3
Kg8 53. a4 b3 54. Rb7 Rxa4 55. Rxb3 Kg7 56. Rb6 Rc4 57. Ra6 Kf7 58. Rh6 1/2-1/2

[Event "Tradewise Hastings Masters 15-16"]
[Site "Hastings, England"]
[Date "2016.01.03"]
[Round "7.40"]
[White "Macrae, James S"]
[Black "Dean, Michael J"]
[Result "1-0"]
[WhiteElo "1693"]
[BlackElo "1562"]
[PlyCount "49"]
[EventDate "2016.??.??"]

1. e4 e5 2. f4 d5 3. exd5 exf4 4. Nf3 Nf6 5. c4 Bd6 6. d4 b6 7. Nc3 O-O 8. Be2
Re8 9. O-O Bg4 10. Ne5 Bxe2 11. Qxe2 Nbd7 12. Bxf4 Nxe5 13. dxe5 Bc5+ 14. Kh1
Bd4 15. Rad1 Bxc3 16. bxc3 Qc8 17. Qf3 Nd7 18. Bg3 Rf8 19. Bh4 Nc5 20. Be7 Qd7
21. Bxf8 Rxf8 22. e6 Qe7 23. exf7+ Qxf7 24. Qxf7+ Rxf7 25. Rxf7 1-0

[Event "Tradewise Hastings Masters 15-16"]
[Site "Hastings, England"]
[Date "2016.01.03"]
[Round "7.41"]
[White "Foley, Phil"]
[Black "Stonehouse, Tom H"]
[Result "0-1"]
[WhiteElo "1675"]
[BlackElo "1778"]
[PlyCount "66"]
[EventDate "2016.??.??"]

1. e4 c5 2. Nf3 d6 3. Nc3 Nf6 4. d4 cxd4 5. Nxd4 a6 6. f3 e5 7. Nf5 Bxf5 8.
exf5 Nc6 9. Be3 d5 10. Bf2 Qa5 11. Ke2 Bb4 12. Qd3 O-O 13. Kd1 e4 14. fxe4 dxe4
15. Qh3 Bxc3 16. Qxc3 Qxf5 17. Qg3 Ng4 18. Bb6 Rad8+ 19. Ke1 Nd4 20. Bxd4 Rxd4
21. Be2 Ne5 22. Rf1 Qe6 23. Qe3 Rfd8 24. Kf2 f5 25. Kg1 g6 26. b3 Kg7 27. Qc3
Qf6 28. Qe3 Rd2 29. Rac1 R8d7 30. Rf2 Qd6 31. Qf4 Rxe2 32. Qxe5+ Qxe5 33. Rxe2
f4 0-1